[Event "ENCI Limburg-open A"]
[Site "Maastricht"]
[Date "2012.05.26"]
[Round "3"]
[White "Kizilkaya, Mehmet"]
[Black "Roufs, Gerard"]
[Result "1-0"]
[WhiteElo "2201"]
[BlackElo "2002"]
[PlyCount "83"]
[EventDate "2012.05.25"]
[EventType "swiss"]
[EventRounds "7"]
[EventCountry "NED"]
[Source "P.Boonen"]
[SourceDate "2013.01.01"]

1. e4 c5 2. c3 Nf6 3. e5 Nd5 4. Nf3 d6 5. d4 cxd4 6. cxd4 e6 7. Bc4 Nc6 8. O-O
Be7 9. Qe2 O-O 10. Nc3 Nxc3 11. bxc3 Qc7 12. Bd3 Bd7 13. Qe4 g6 14. Bh6 Rfd8
15. Rac1 dxe5 16. dxe5 Be8 17. Rfe1 Qa5 18. Re3 Qxa2 19. Ng5 Qd2 20. Rce1 Bc5
21. Nxh7 Bxe3 22. Nf6+ Kh8 23. Bxe3 Qxe1+ 24. Bf1 Kg7 25. Bh6+ Kxh6 26. Qxe1
Kg7 27. h4 Ne7 28. g4 Bc6 29. h5 Rh8 30. Qe3 a5 31. Qg5 Nd5 32. Bg2 Rh6 33. Ne4
b5 34. Nd6 Rf8 35. c4 bxc4 36. Nxc4 a4 37. Be4 f6 38. exf6+ Rxf6 39. Qe5 g5 40.
Qxg5+ Kf8 41. f3 Nf4 42. Qc5+ 1-0

[Event "ENCI Limburg-open A"]
[Site "Maastricht"]
[Date "2012.05.26"]
[Round "3"]
[White "Klein, Felix"]
[Black "Majhi, Ankit"]
[Result "1/2-1/2"]
[WhiteElo "2286"]
[BlackElo "1909"]
[PlyCount "141"]
[EventDate "2012.05.25"]
[EventType "swiss"]
[EventRounds "7"]
[EventCountry "NED"]
[Source "P.Boonen"]
[SourceDate "2013.01.01"]

1. e4 e5 2. Nf3 Nc6 3. Bb5 a6 4. Ba4 Nf6 5. O-O Be7 6. Re1 b5 7. Bb3 O-O 8. h3
d6 9. c3 Bb7 10. d4 Na5 11. Bc2 Re8 12. Nbd2 Bf8 13. d5 c6 14. b4 Nc4 15. Nxc4
bxc4 16. dxc6 Bxc6 17. Bg5 h6 18. Bxf6 Qxf6 19. Ba4 Bxa4 20. Qxa4 d5 21. exd5
e4 22. Nd4 Bd6 23. Rad1 Qe5 24. g3 Qg5 25. Qd7 Bxg3 26. Qg4 Qxg4 27. hxg4 Be5
28. Kg2 Bf6 29. Re2 Rad8 30. Nc6 Rd6 31. Rde1 Rxd5 32. Rxe4 Rxe4 33. Rxe4 Rd3
34. Rxc4 Rxc3 35. Rxc3 Bxc3 36. a4 Kh7 37. b5 axb5 38. axb5 Bb2 39. b6 Ba3 40.
b7 Bd6 41. Kf3 Kg6 42. b8=Q Bxb8 43. Nxb8 h5 44. gxh5+ Kxh5 45. Nc6 Kg5 46. Nb4
Kf5 47. Nd3 Kg5 48. Ne5 Kf6 49. Ke4 Ke6 50. Nf3 Kf6 51. Kf4 Ke6 52. Ng5+ Kf6
53. Kg4 Kg6 54. Nf3 Kf6 55. Kf4 Ke6 56. Kg5 Kd5 57. Kf5 Kd6 58. Ng5 Ke7 59. Ne4
Kd7 60. Ke5 Ke7 61. Ng3 f6+ 62. Kf5 Kf7 63. Ne2 g6+ 64. Ke4 Ke6 65. Nf4+ Kf7
66. Kd5 g5 67. Ne2 Kg6 68. Ke6 g4 69. Nc3 Kg5 70. Nd5 g3 71. fxg3 1/2-1/2

[Event "ENCI Limburg-open A"]
[Site "Maastricht"]
[Date "2012.05.26"]
[Round "3"]
[White "Lenaerts, Lennert"]
[Black "De Jonge, Boris"]
[Result "1-0"]
[WhiteElo "2043"]
[BlackElo "2016"]
[PlyCount "57"]
[EventDate "2012.05.25"]
[EventType "swiss"]
[EventRounds "7"]
[EventCountry "NED"]
[Source "P.Boonen"]
[SourceDate "2013.01.01"]

1. c4 c6 2. Nf3 d5 3. b3 Bf5 4. d3 e6 5. g3 Nf6 6. Bg2 Be7 7. Bb2 Nbd7 8. Nbd2
h6 9. O-O O-O 10. Re1 Bh7 11. Qc2 Qb6 12. e4 dxe4 13. Nxe4 Rad8 14. Rad1 Nxe4
15. dxe4 Bb4 16. Bc3 Nc5 17. Bxb4 Qxb4 18. Rxd8 Rxd8 19. Rd1 Rxd1+ 20. Qxd1
Bxe4 21. Qd8+ Kh7 22. Qd6 Bg6 23. h4 Nd3 24. Qd4 Qc5 25. h5 Bf5 26. g4 Qxd4 27.
Nxd4 c5 28. gxf5 cxd4 29. fxe6 1-0

[Event "ENCI Limburg-open A"]
[Site "Maastricht"]
[Date "2012.05.26"]
[Round "3"]
[White "Mengerink, Ynze"]
[Black "Mueer, Sebastian"]
[Result "1/2-1/2"]
[WhiteElo "2137"]
[BlackElo "2237"]
[PlyCount "41"]
[EventDate "2012.05.25"]
[EventType "swiss"]
[EventRounds "7"]
[EventCountry "NED"]
[Source "P.Boonen"]
[SourceDate "2013.01.01"]

1. e4 e6 2. Nc3 d5 3. Nf3 Nf6 4. e5 Nfd7 5. d4 c5 6. dxc5 Nc6 7. Bf4 Bxc5 8.
Bd3 f6 9. exf6 Qxf6 10. Bg3 O-O 11. O-O Nd4 12. Nxd4 Bxd4 13. Qd2 Nc5 14. Rad1
Bxc3 15. Qxc3 Qxc3 16. bxc3 b6 17. Rfe1 Na4 18. Be5 Nb2 19. Rd2 Bb7 20. Bd6
Nxd3 21. cxd3 1/2-1/2

[Event "ENCI Limburg-open A"]
[Site "Maastricht"]
[Date "2012.05.26"]
[Round "3"]
[White "Mollema, Thomas"]
[Black "Hoegener, Claude"]
[Result "1-0"]
[WhiteElo "1917"]
[BlackElo "2051"]
[PlyCount "39"]
[EventDate "2012.05.25"]
[EventType "swiss"]
[EventRounds "7"]
[EventCountry "NED"]
[Source "P.Boonen"]
[SourceDate "2013.01.01"]

1. e4 e6 2. d4 d5 3. Nc3 Nf6 4. Bg5 Bb4 5. e5 h6 6. Be3 Ne4 7. Qg4 g5 8. h4 h5
9. hxg5 hxg4 10. Rxh8+ Bf8 11. Nxe4 dxe4 12. Ne2 Nd7 13. Ng3 c5 14. Nxe4 cxd4
15. Bxd4 Qa5+ 16. Bc3 Qb6 17. Bb5 a5 18. O-O-O Ke7 19. Bxd7 Bxd7 20. Bd4 1-0

[Event "ENCI Limburg-open A"]
[Site "Maastricht"]
[Date "2012.05.26"]
[Round "3"]
[White "Nabuurs, Joep"]
[Black "Meyers, Mark"]
[Result "1-0"]
[WhiteElo "2216"]
[BlackElo "1918"]
[PlyCount "73"]
[EventDate "2012.05.25"]
[EventType "swiss"]
[EventRounds "7"]
[EventCountry "NED"]
[Source "P.Boonen"]
[SourceDate "2013.01.01"]

1. e4 c5 2. Nf3 e6 3. Nc3 d6 4. d4 cxd4 5. Nxd4 a6 6. Be3 Nf6 7. f3 b5 8. Qd2
Bb7 9. g4 Be7 10. O-O-O O-O 11. h4 Nc6 12. Nxc6 Bxc6 13. Ne2 d5 14. e5 Nd7 15.
Nd4 Qc7 16. f4 Nc5 17. g5 b4 18. h5 Rfb8 19. g6 Qa5 20. Kb1 Ne4 21. gxf7+ Kxf7
22. Qg2 Nc3+ 23. bxc3 bxc3+ 24. Nb3 Qa4 25. Rg1 Bf8 26. Rd4 Qa3 27. Bc1 Qc5 28.
Rd3 d4 29. Qg5 Bd5 30. h6 Bxb3 31. axb3 Rxb3+ 32. cxb3 c2+ 33. Ka2 Rc8 34. b4
Qxb4 35. Rb3 Qa4+ 36. Kb2 Rb8 37. Qxg7+ 1-0

[Event "ENCI Limburg-open A"]
[Site "Maastricht"]
[Date "2012.05.26"]
[Round "3"]
[White "Perrenet, Jacob"]
[Black "Swijsen, Lars"]
[Result "1-0"]
[WhiteElo "2078"]
[BlackElo "2068"]
[PlyCount "61"]
[EventDate "2012.05.25"]
[EventType "swiss"]
[EventRounds "7"]
[EventCountry "NED"]
[Source "P.Boonen"]
[SourceDate "2013.01.01"]

1. Nc3 g6 2. h4 Nf6 3. h5 Nxh5 4. Rxh5 gxh5 5. e4 d6 6. Qxh5 e6 7. d4 Nd7 8. e5
c5 9. Nf3 cxd4 10. Nxd4 Nxe5 11. Bb5+ Bd7 12. Bg5 Qa5 13. Bf6 Rg8 14. O-O-O
Bxb5 15. Ndxb5 a6 16. Rxd6 Bxd6 17. Nxd6+ Kd7 18. Bxe5 Rgf8 19. Nxb7 Qb4 20.
Qd1+ Ke8 21. Ne4 f6 22. Qh5+ Kd7 23. Qxh7+ Qe7 24. Nec5+ Ke8 25. Nd6+ Kd8 26.
Qd3 fxe5 27. Nf5+ Ke8 28. Nxe7 Kxe7 29. Qd7+ Kf6 30. Qxe6+ Kg7 31. Qxe5+ 1-0

[Event "ENCI Limburg-open A"]
[Site "Maastricht"]
[Date "2012.05.26"]
[Round "3"]
[White "Reymann, Cedric"]
[Black "Rietman, Frits"]
[Result "1/2-1/2"]
[WhiteElo "2138"]
[BlackElo "2262"]
[PlyCount "86"]
[EventDate "2012.05.25"]
[EventType "swiss"]
[EventRounds "7"]
[EventCountry "NED"]
[Source "P.Boonen"]
[SourceDate "2013.01.01"]

1. e4 c5 2. c3 Nf6 3. e5 Nd5 4. d4 cxd4 5. cxd4 Nc6 6. Nc3 Nxc3 7. bxc3 d5 8.
Bd3 e6 9. Nf3 Be7 10. Rb1 b6 11. h4 h6 12. h5 Na5 13. O-O Bd7 14. Ne1 Rc8 15.
Qg4 Bf8 16. Bd2 Nc4 17. Bc1 Na5 18. f4 Rxc3 19. Bd2 Rxd3 20. Nxd3 Nc4 21. Bc1
Qc8 22. Qf3 Qa6 23. Rf2 Qa5 24. f5 Qc3 25. fxe6 Bxe6 26. Nf4 Qxd4 27. Nxe6 fxe6
28. Qf7+ Kd8 29. Bxh6 Bc5 30. Bxg7 Qxf2+ 31. Qxf2 Bxf2+ 32. Kxf2 Rxh5 33. g4
Rh3 34. g5 Nd2 35. Bf6+ Ke8 36. Rc1 Ne4+ 37. Kg2 Rg3+ 38. Kh2 Rg4 39. Kh3 Nxf6
40. Rc8+ Kf7 41. Rc7+ Kf8 42. Rc8+ Kf7 43. Rc7+ Kf8 1/2-1/2

[Event "ENCI Limburg-open A"]
[Site "Maastricht"]
[Date "2012.05.26"]
[Round "3"]
[White "Ritsema, Ronald"]
[Black "Schoorl, Rob"]
[Result "0-1"]
[WhiteElo "2051"]
[BlackElo "2317"]
[PlyCount "42"]
[EventDate "2012.05.25"]
[EventType "swiss"]
[EventRounds "7"]
[EventCountry "NED"]
[Source "P.Boonen"]
[SourceDate "2013.01.01"]

1. Nf3 d5 2. d4 Nf6 3. c4 c6 4. Qc2 dxc4 5. Qxc4 Bg4 6. Ne5 Be6 7. Qd3 Nbd7 8.
Nf3 Bg4 9. e4 Bxf3 10. gxf3 e5 11. Be2 exd4 12. Qxd4 Bc5 13. Qd1 Qb6 14. O-O
Qc7 15. Nc3 Bd6 16. h3 Bf4 17. Qb3 Nh5 18. Bc4 Ne5 19. Ne2 Ng6 20. Be3 O-O 21.
a4 Qd7 0-1

[Event "ENCI Limburg-open A"]
[Site "Maastricht"]
[Date "2012.05.26"]
[Round "3"]
[White "Schleipfenbauer, Frank"]
[Black "Heinis, Vincent"]
[Result "1-0"]
[WhiteElo "2073"]
[BlackElo "2141"]
[PlyCount "57"]
[EventDate "2012.05.25"]
[EventType "swiss"]
[EventRounds "7"]
[EventCountry "NED"]
[Source "P.Boonen"]
[SourceDate "2013.01.01"]

1. e4 d5 2. Nc3 dxe4 3. Nxe4 Nc6 4. Nf3 Bg4 5. h3 Bh5 6. Ng3 Bg6 7. h4 h6 8. h5
Bh7 9. d4 Qd6 10. Bd3 Bxd3 11. Qxd3 O-O-O 12. Ne4 Qd5 13. c4 Qd7 14. Nc5 Qe8
15. Be3 e6 16. Nb3 Nf6 17. a3 Nxd4 18. Nbxd4 c5 19. Qe2 cxd4 20. Bxd4 Kb8 21.
b4 Bd6 22. Rd1 Ng4 23. Ne5 Nxe5 24. Bxe5 Bxe5 25. Qxe5+ Ka8 26. O-O Rxd1 27.
Rxd1 f6 28. Qc7 a6 29. Rd7 1-0

[Event "ENCI Limburg-open A"]
[Site "Maastricht"]
[Date "2012.05.26"]
[Round "3"]
[White "Schmitz, Andreas Arnold"]
[Black "Jellema, Yme Jan"]
[Result "0-1"]
[WhiteElo "2074"]
[BlackElo "2202"]
[PlyCount "118"]
[EventDate "2012.05.25"]
[EventType "swiss"]
[EventRounds "7"]
[EventCountry "NED"]
[Source "P.Boonen"]
[SourceDate "2013.01.01"]

1. e4 c6 2. Nc3 d5 3. Qf3 dxe4 4. Nxe4 Nd7 5. d4 Ngf6 6. c3 Nxe4 7. Qxe4 Nf6 8.
Qh4 Bf5 9. Bc4 e6 10. Nf3 Be7 11. Bg5 Qb6 12. b3 Qa5 13. O-O Qxc3 14. Bd2 Qb2
15. Qf4 O-O 16. a4 Nd5 17. Bxd5 cxd5 18. Qc7 Bf6 19. b4 Bxd4 20. Nxd4 Qxd4 21.
Be3 Qxb4 22. Bc5 Qc4 23. Rfc1 Bc2 24. Qa5 b6 25. Qd2 bxc5 26. Rxc2 Qb4 27. Qc1
c4 28. h4 Qe7 29. h5 h6 30. Ra3 Rab8 31. Rg3 Qf6 32. Rcc3 Kh8 33. Rcf3 Qe5 34.
Re3 Qb2 35. Qf1 Qb1 36. Re1 Qc2 37. Rc1 Qf5 38. Qe2 Rb3 39. Rxb3 cxb3 40. g4 b2
41. Rf1 Qe4 42. Qxb2 Qxg4+ 43. Kh2 Qxh5+ 44. Kg2 Qg4+ 45. Kh2 Qxa4 46. f4 Rc8
47. Rf2 Qe4 48. Qd2 Rc4 49. Kg3 Qg6+ 50. Kh3 Qf5+ 51. Kg3 e5 52. Kg2 Rxf4 53.
Rxf4 exf4 54. Qa5 Qg4+ 55. Kf1 f3 56. Kf2 Qg2+ 57. Ke3 f2 58. Qxa7 f1=N+ 59.
Kf4 Qe4# 0-1

[Event "ENCI Limburg-open A"]
[Site "Maastricht"]
[Date "2012.05.26"]
[Round "3"]
[White "Schroer, Marcel"]
[Black "Lenhardt, Manfred"]
[Result "1-0"]
[WhiteElo "2091"]
[BlackElo "2127"]
[PlyCount "67"]
[EventDate "2012.05.25"]
[EventType "swiss"]
[EventRounds "7"]
[EventCountry "NED"]
[Source "P.Boonen"]
[SourceDate "2013.01.01"]

1. Nf3 d5 2. d4 Nf6 3. c4 e6 4. g3 dxc4 5. Bg2 Nc6 6. O-O Rb8 7. e3 Be7 8. Bd2
b5 9. b3 cxb3 10. axb3 O-O 11. Qc2 Bb7 12. Rc1 Nd5 13. Nc3 Ncb4 14. Qb1 a6 15.
Ne4 Nf6 16. Ne1 Nbd5 17. Ba5 Nb6 18. Nxf6+ gxf6 19. Qc2 Bxg2 20. Nxg2 Bd6 21.
e4 Qe7 22. Ne3 Rfc8 23. Qe2 c5 24. dxc5 Rxc5 25. Rd1 Be5 26. Rab1 Bc3 27. b4
Rcc8 28. Rd3 Nd7 29. f4 Nf8 30. Kg2 Qb7 31. Qf3 e5 32. Ng4 Bd4 33. Nxf6+ Kh8
34. Qg4 1-0

[Event "ENCI Limburg-open A"]
[Site "Maastricht"]
[Date "2012.05.26"]
[Round "3"]
[White "Stiefel, Roland"]
[Black "Harff, Wilfried"]
[Result "1-0"]
[WhiteElo "2059"]
[BlackElo "2187"]
[PlyCount "147"]
[EventDate "2012.05.25"]
[EventType "swiss"]
[EventRounds "7"]
[EventCountry "NED"]
[Source "P.Boonen"]
[SourceDate "2013.01.01"]

1. d4 g6 2. Nf3 Bg7 3. Bf4 c5 4. c3 Qb6 5. Qc1 Nf6 6. Nbd2 d5 7. e3 O-O 8. Be2
Nh5 9. Be5 Nc6 10. Bxg7 Nxg7 11. O-O Bf5 12. Re1 Rac8 13. dxc5 Qxc5 14. Nb3 Qb6
15. Qd2 Rfd8 16. Nfd4 Bd7 17. Nxc6 Bxc6 18. Qd4 Qxd4 19. exd4 Rc7 20. a4 Nf5
21. Nc5 Nd6 22. Bd3 e6 23. f4 a5 24. Nb3 Ra8 25. Nd2 b5 26. axb5 Bxb5 27. Bxb5
Nxb5 28. Ra4 Nd6 29. Rea1 Rb8 30. R1a2 Rcb7 31. b3 Rc7 32. c4 dxc4 33. bxc4 Rd8
34. Rxa5 Nxc4 35. R5a4 Nb6 36. Ra6 Nd5 37. g3 Kg7 38. Rb2 Rdd7 39. Nf3 Ne3 40.
Ra1 Rc3 41. Kf2 Rdc7 42. Re2 Nc2 43. Rd1 Nb4 44. Red2 Kf6 45. Ng5 Ke7 46. Ne4
Ra3 47. Nc5 Nd5 48. Re1 h5 49. Rde2 h4 50. Re5 Nf6 51. R5e2 Rc8 52. Kg2 Rh8 53.
Re3 Ra2+ 54. R1e2 Ra1 55. Rb3 h3+ 56. Kf3 Rf1+ 57. Ke3 Rd8 58. Rb7+ Kf8 59. Ra2
Nd5+ 60. Kd3 Nf6 61. Raa7 Kg8 62. Rxf7 Nh5 63. Nxe6 Re8 64. Ng5 Rf2 65. Ra6
Rf3+ 66. Nxf3 Kxf7 67. Ng5+ Kg7 68. Nxh3 Nf6 69. Ng5 Ng4 70. Ra7+ Kg8 71. Ra6
Kg7 72. Ra7+ Kg8 73. Ne4 Rb8 74. h3 1-0

[Event "ENCI Limburg-open A"]
[Site "Maastricht"]
[Date "2012.05.26"]
[Round "3"]
[White "Tate, Emory"]
[Black "Wislez, Francis"]
[Result "1-0"]
[WhiteElo "2307"]
[BlackElo "2023"]
[PlyCount "55"]
[EventDate "2012.05.25"]
[EventType "swiss"]
[EventRounds "7"]
[EventCountry "NED"]
[Source "P.Boonen"]
[SourceDate "2013.01.01"]

1. e4 e6 2. Nc3 a6 3. Nf3 d5 4. e5 c5 5. d4 Nc6 6. dxc5 Bxc5 7. Bd3 b5 8. O-O
h6 9. a3 Bd7 10. b4 Be7 11. Ne2 Qc7 12. Bb2 g5 13. Ned4 g4 14. Nxc6 Bxc6 15.
Nd4 h5 16. f4 Bd7 17. f5 Rh6 18. Qe2 Bg5 19. f6 Qb6 20. Kh1 Kf8 21. Nb3 Be3 22.
Rae1 d4 23. Nc5 Bc6 24. c3 Rd8 25. cxd4 Bxd4 26. Bxd4 Rxd4 27. Qe3 Qd8 28. Qg5
1-0

[Event "ENCI Limburg-open A"]
[Site "Maastricht"]
[Date "2012.05.26"]
[Round "3"]
[White "Timmermans, Ivo"]
[Black "Huesmann, Thomas"]
[Result "1-0"]
[WhiteElo "2240"]
[BlackElo "2230"]
[PlyCount "87"]
[EventDate "2012.05.25"]
[EventType "swiss"]
[EventRounds "7"]
[EventCountry "NED"]
[Source "P.Boonen"]
[SourceDate "2013.01.01"]

1. e4 e5 2. Nf3 Nc6 3. Bb5 a6 4. Ba4 Nf6 5. O-O Be7 6. Re1 b5 7. Bb3 d6 8. c3
Bg4 9. d3 O-O 10. Nbd2 Na5 11. Bc2 Nd7 12. h3 Bxf3 13. Nxf3 c5 14. Be3 Rc8 15.
Qd2 Nc6 16. Nh2 Nf6 17. f4 d5 18. Qe2 d4 19. Bd2 dxc3 20. bxc3 b4 21. fxe5 Nxe5
22. Nf3 Nxf3+ 23. Qxf3 Nd7 24. Rac1 Ne5 25. Qe2 Qd7 26. cxb4 cxb4 27. Be3 Rc3
28. d4 Nc4 29. Bb3 Rxe3 30. Qxc4 Bg5 31. e5 h6 32. Qxb4 Rd8 33. Rcd1 Qa7 34.
Rf1 Rd7 35. Qa4 Re7 36. Rxf7 Kh7 37. Rxe7 Qxe7 38. Qxa6 Rc3 39. Bc2+ Kg8 40.
Qa8+ Qd8 41. Qe4 Be3+ 42. Kh1 Qg5 43. Qa8+ Kf7 44. Qd5+ 1-0

[Event "ENCI Limburg-open A"]
[Site "Maastricht"]
[Date "2012.05.26"]
[Round "3"]
[White "Van Foreest, Jorden"]
[Black "Dalemans, Diana"]
[Result "0-1"]
[WhiteElo "2175"]
[BlackElo "1964"]
[PlyCount "64"]
[EventDate "2012.05.25"]
[EventType "swiss"]
[EventRounds "7"]
[EventCountry "NED"]
[Source "P.Boonen"]
[SourceDate "2013.01.01"]

1. e4 c5 2. Nf3 d6 3. d4 cxd4 4. Nxd4 Nf6 5. Nc3 g6 6. Be3 Bg7 7. f3 Nc6 8. Bc4
Qb6 9. Qd2 Nxe4 10. fxe4 Bxd4 11. Bxd4 Qxd4 12. Bd3 O-O 13. O-O-O Be6 14. h4 h5
15. Qh6 Qg7 16. Qf4 Ne5 17. Kb1 a6 18. Be2 Rac8 19. Nd5 Bxd5 20. Rxd5 f5 21.
exf5 Rxf5 22. Qb4 b5 23. g4 Nxg4 24. Bxg4 hxg4 25. Qxg4 Rxc2 26. Kxc2 Rxd5 27.
Rg1 Kh7 28. Rg2 Qf6 29. Re2 Rc5+ 30. Kb3 Rc4 31. Qg3 Qf7 32. Rf2 Rf4+ 0-1

[Event "ENCI Limburg-open A"]
[Site "Maastricht"]
[Date "2012.05.26"]
[Round "3"]
[White "Van Foreest, Lucas"]
[Black "Ducarmon, Renzo"]
[Result "1-0"]
[WhiteElo "1960"]
[BlackElo "2047"]
[PlyCount "135"]
[EventDate "2012.05.25"]
[EventType "swiss"]
[EventRounds "7"]
[EventCountry "NED"]
[Source "P.Boonen"]
[SourceDate "2013.01.01"]

1. d4 Nf6 2. c4 g6 3. Nc3 Bg7 4. e4 d6 5. Nf3 O-O 6. Be2 e5 7. O-O Nc6 8. d5
Ne7 9. b4 a5 10. Ba3 Nd7 11. bxa5 Rxa5 12. Bb4 Ra8 13. a4 Bh6 14. a5 f5 15. Re1
Nf6 16. Bd3 Kh8 17. c5 fxe4 18. cxd6 cxd6 19. Bxe4 Bg4 20. h3 Nxe4 21. hxg4
Nxc3 22. Bxc3 Qd7 23. Qb3 Rac8 24. a6 bxa6 25. Rxa6 Rc5 26. Rxd6 Rxc3 27. Rxd7
Rxb3 28. Rxe7 Rd3 29. Rd7 Re8 30. d6 Bf4 31. Re7 Rd8 32. g3 Rxf3 33. Kg2 Bd2
34. Rh1 Rxf2+ 35. Kxf2 Rxd6 36. Rxe5 Kg8 37. Ke2 Bb4 38. Re8+ Kf7 39. Rb8 Bc5
40. Rxh7+ Kf6 41. g5+ Kxg5 42. Rb5 Re6+ 43. Kd3 Re5 44. Rg7 Rf5 45. Ke4 Kf6 46.
Rc7 Bd6 47. Rb6 Ke6 48. Rc4 Re5+ 49. Kf3 Rd5 50. Kg4 Rd3 51. Kh4 Kf5 52. g4+
Kf6 53. Rf4+ Ke5 54. Rxd6 Rxd6 55. Kg5 Ra6 56. Rf1 Ra4 57. Re1+ Kd5 58. Rg1 Ra6
59. Kh6 Ke5 60. g5 Rd6 61. Rf1 Ra6 62. Kg7 Rb6 63. Rf6 Rb8 64. Kxg6 Rg8+ 65.
Kh6 Rh8+ 66. Kg7 Rb8 67. g6 Rc8 68. Rf1 1-0

[Event "ENCI Limburg-open A"]
[Site "Maastricht"]
[Date "2012.05.26"]
[Round "3"]
[White "Van Gelder, Bart"]
[Black "Van den Ouden, Lendert"]
[Result "1/2-1/2"]
[WhiteElo "2166"]
[BlackElo "1990"]
[PlyCount "73"]
[EventDate "2012.05.25"]
[EventType "swiss"]
[EventRounds "7"]
[EventCountry "NED"]
[Source "P.Boonen"]
[SourceDate "2013.01.01"]

1. d4 d5 2. Nf3 Nf6 3. Bg5 Ne4 4. Bf4 c5 5. e3 cxd4 6. exd4 Qb6 7. Bc1 Nc6 8.
c3 Bf5 9. Be2 e6 10. O-O Bd6 11. Nbd2 Nxd2 12. Qxd2 O-O 13. Nh4 Be4 14. f3 Bg6
15. f4 Qc7 16. g3 Be4 17. Bf3 Bxf3 18. Nxf3 Ne7 19. Qe2 Rac8 20. Be3 Nf5 21.
Bf2 Be7 22. Rfe1 Nd6 23. Nd2 Nc4 24. Nxc4 Qxc4 25. Qxc4 Rxc4 26. f5 Rc6 27. Re2
Bf6 28. fxe6 Rxe6 29. Rxe6 fxe6 30. Re1 Kf7 31. g4 Rc8 32. Bg3 b5 33. a3 a5 34.
Be5 Bxe5 35. Rxe5 a4 36. Kg2 Ke7 37. Re3 1/2-1/2

[Event "ENCI Limburg-open A"]
[Site "Maastricht"]
[Date "2012.05.26"]
[Round "3"]
[White "Van Liempt, Michael"]
[Black "Kampman, Tijmen"]
[Result "0-1"]
[WhiteElo "1956"]
[BlackElo "2116"]
[PlyCount "90"]
[EventDate "2012.05.25"]
[EventType "swiss"]
[EventRounds "7"]
[EventCountry "NED"]
[Source "P.Boonen"]
[SourceDate "2013.01.01"]

1. e4 e6 2. d3 d5 3. Nd2 b6 4. g3 Bb7 5. Bg2 c5 6. Ngf3 Nf6 7. O-O Be7 8. Re1
Nc6 9. c3 Qc7 10. Qc2 O-O 11. Nf1 Rfd8 12. Bf4 e5 13. Bg5 d4 14. c4 h6 15. Bc1
Ne8 16. g4 Bc8 17. h3 Bf8 18. Ng3 g6 19. Rf1 g5 20. Nf5 Ne7 21. Bd2 Ng6 22.
Rae1 f6 23. Qc1 Qh7 24. h4 Nc7 25. Qd1 Ne6 26. h5 Ngf4 27. Bxf4 Nxf4 28. Kh1
Qb7 29. Ng1 Qa6 30. Qc2 Rb8 31. Ne2 Nxe2 32. Qxe2 b5 33. b3 Qa3 34. Rc1 Be6 35.
Rc2 Rd7 36. Rd1 a5 37. Rdd2 Rdb7 38. Kh2 bxc4 39. dxc4 a4 40. bxa4 Qxa4 41. Qd3
Rb4 42. Bf1 Qa6 43. a3 Rb3 44. Qe2 Rxa3 45. Rd3 Rbb3 0-1

[Event "ENCI Limburg-open A"]
[Site "Maastricht"]
[Date "2012.05.26"]
[Round "3"]
[White "Van Meegen, Ruud"]
[Black "Hamblok, Roel"]
[Result "0-1"]
[WhiteElo "1958"]
[BlackElo "2260"]
[PlyCount "26"]
[EventDate "2012.05.25"]
[EventType "swiss"]
[EventRounds "7"]
[EventCountry "NED"]
[Source "P.Boonen"]
[SourceDate "2013.01.01"]

1. e4 c6 2. d4 d5 3. e5 c5 4. dxc5 e6 5. c4 Nc6 6. Nf3 Bxc5 7. Nc3 Nge7 8. a3
O-O 9. Bd3 dxc4 10. Bxh7+ Kxh7 11. Ng5+ Kg6 12. h4 Qxd1+ 13. Nxd1 Nxe5 0-1

[Event "ENCI Limburg-open A"]
[Site "Maastricht"]
[Date "2012.05.26"]
[Round "3"]
[White "Van Osch, Mees"]
[Black "De Wit, Albert"]
[Result "1-0"]
[WhiteElo "2029"]
[BlackElo "2042"]
[PlyCount "63"]
[EventDate "2012.05.25"]
[EventType "swiss"]
[EventRounds "7"]
[EventCountry "NED"]
[Source "P.Boonen"]
[SourceDate "2013.01.01"]

1. e4 g6 2. d4 Bg7 3. Nc3 c6 4. Be3 Qb6 5. Rb1 d6 6. h4 h5 7. Nh3 Nf6 8. f3
Nbd7 9. Qd2 Qc7 10. a4 a6 11. Bc4 b5 12. Ba2 Nb6 13. Ng5 O-O 14. a5 Nc4 15.
Bxc4 bxc4 16. Na4 Bb7 17. Nb6 Rad8 18. Nxc4 c5 19. d5 Bc8 20. O-O Bd7 21. Rfe1
Bb5 22. Nb6 Nh7 23. Nh3 e5 24. dxe6 fxe6 25. Bg5 Rde8 26. Rbd1 Nxg5 27. hxg5
Bd4+ 28. Kh1 Bxb2 29. c3 d5 30. Qxb2 Qg3 31. Qf2 Rxf3 32. Qxf3 1-0

[Event "ENCI Limburg-open A"]
[Site "Maastricht"]
[Date "2012.05.26"]
[Round "3"]
[White "Vandevoort, Pascal"]
[Black "Nachbar, Benjamin"]
[Result "0-1"]
[WhiteElo "2391"]
[BlackElo "2153"]
[PlyCount "70"]
[EventDate "2012.05.25"]
[EventType "swiss"]
[EventRounds "7"]
[EventCountry "NED"]
[Source "P.Boonen"]
[SourceDate "2013.01.01"]

1. e4 c6 2. d4 d5 3. f3 dxe4 4. fxe4 e5 5. Nf3 Be6 6. c3 Nd7 7. Bd3 Bd6 8. O-O
f6 9. Nbd2 Nh6 10. Nc4 Nf7 11. Nxd6+ Nxd6 12. Bc2 O-O 13. b3 Re8 14. Ba3 Nf7
15. d5 Bg4 16. Qe1 cxd5 17. exd5 Qa5 18. Bb4 Qxd5 19. Qh4 Nh6 20. Rad1 Qc6 21.
h3 Bf5 22. Bxf5 Nxf5 23. Qg4 Qb6+ 24. Kh2 Ne3 25. Qxd7 Red8 26. Qa4 Rxd1 27.
Rxd1 Nxd1 28. Qd7 Rd8 29. Qe7 Rc8 30. Nh4 Ne3 31. Bd6 Qc6 32. Qe6+ Kh8 33. c4
Qe8 34. Qxe8+ Rxe8 35. Bc5 Nc2 0-1

[Event "ENCI Limburg-open A"]
[Site "Maastricht"]
[Date "2012.05.26"]
[Round "3"]
[White "Vedder, Henk"]
[Black "Bijlsma, Nick"]
[Result "1-0"]
[WhiteElo "2373"]
[BlackElo "2151"]
[PlyCount "49"]
[EventDate "2012.05.25"]
[EventType "swiss"]
[EventRounds "7"]
[EventCountry "NED"]
[Source "P.Boonen"]
[SourceDate "2013.01.01"]

1. e4 c5 2. Nf3 d6 3. c3 Nf6 4. h3 Nbd7 5. Bd3 g6 6. Bc2 Bg7 7. d4 O-O 8. O-O
b6 9. e5 Ne8 10. Re1 Bb7 11. Bf4 Rc8 12. Na3 d5 13. e6 fxe6 14. Ng5 Rc6 15. Bg3
e5 16. dxe5 e6 17. h4 Qe7 18. Qg4 Bh6 19. Bf4 Ng7 20. Ba4 Rf5 21. Bxc6 Bxc6 22.
Nxe6 Bxf4 23. Nxf4 Nxe5 24. Nd3 Ne8 25. Qg3 1-0

[Event "ENCI Limburg-open A"]
[Site "Maastricht"]
[Date "2012.05.26"]
[Round "3"]
[White "Wagener, Claude"]
[Black "Dijkhuis, Tycho"]
[Result "1-0"]
[WhiteElo "2264"]
[BlackElo "1968"]
[PlyCount "117"]
[EventDate "2012.05.25"]
[EventType "swiss"]
[EventRounds "7"]
[EventCountry "NED"]
[Source "P.Boonen"]
[SourceDate "2013.01.01"]

1. e4 c5 2. Nf3 d6 3. d4 cxd4 4. Nxd4 Nf6 5. Nc3 a6 6. Bd3 Nc6 7. Nxc6 bxc6 8.
Qe2 g6 9. b3 Bg7 10. Bb2 O-O 11. O-O Nh5 12. f4 Qa5 13. Qe1 f5 14. Na4 Qxe1 15.
Raxe1 Bxb2 16. Nxb2 fxe4 17. Bxe4 d5 18. Bf3 Nxf4 19. Rxe7 Bf5 20. c4 Be4 21.
g3 Nh3+ 22. Kg2 Ng5 23. Bxe4 Nxe4 24. Rxf8+ Rxf8 25. Nd1 Rf7 26. Re6 Rf6 27.
Re5 Rd6 28. Ne3 Nc3 29. c5 Rd7 30. Re6 Rc7 31. Nc2 Nxa2 32. Re8+ Kf7 33. Ra8
Rb7 34. Rxa6 Nc1 35. Rb6 Rc7 36. Nd4 Ke8 37. b4 Nd3 38. Nxc6 Kd7 39. Nd4 Kc8
40. Kf3 Rb7 41. Rxb7 Kxb7 42. c6+ Kb6 43. b5 Ne5+ 44. Kf4 Nf7 45. h4 h5 46. Nf3
Kxb5 47. c7 Nd6 48. Kg5 Kc6 49. Kxg6 Kxc7 50. Kxh5 Kd7 51. Kg6 Ke6 52. g4 Ke7
53. Nd4 Kf8 54. Kh7 Kf7 55. g5 Ne8 56. h5 Nf6+ 57. gxf6 Kxf6 58. Kh6 Ke5 59.
Kg5 1-0